| 000 | 02853nkm0a2200469 4500 | ||
|---|---|---|---|
| 001 | RU\NLR\DIGIT\525859 | ||
| 005 | 20260204000000.0 | ||
| 020 |
_aRU _b890/14 _9ЛЕНИНГРАД В ВЕЛИКОЙ ОТЕЧЕСТВЕННОЙ ВОЙНЕ: Печать Ленинграда, 1941 - 1945: каталог изданий, хранящихся в фондах Государственной Публичной библиотеки, вып.2. Листовки,плакаты,открытки,альбомы/Гос.публ.б-ка им.М.Е.Салтыкова-Щедрина. - Ленинград,1972 |
||
| 035 | _a(NLR Aleph) 010460003 | ||
| 090 |
_a76378 _c76378 |
||
| 100 | _a20140815d1944 m y0rusy50 ca | ||
| 101 | 0 | _arus | |
| 102 | _aRU | ||
| 116 | _adiycxx bi ad | ||
| 135 | _acrcn 024anaba | ||
| 200 | 1 |
_aРапорт предку _e[Плакат] _fХудож. С.С. Боим. Текст С. Болотина |
|
| 210 |
_a[Ленинград] _cПолит. упр. КБФ _d1944 |
||
| 215 |
_a1 л. _d45x32 см |
||
| 225 | 2 |
_aБалтийский прожектор _e[Серия плакатов] _h№14 |
|
| 325 | _aКопия доступна в электронной библиотеке РНБ | ||
| 327 | 0 | _aКраснофлотец рапортует памятнику Петру I. На втором плане - акватория Финского залива | |
| 517 | 1 | _aСегодня, в День Морского Флота, потомкам совершая смотр... | |
| 540 | 1 | _aМы победим в борьбе суровой... | |
| 606 | 1 |
_aБлокада Ленинграда _z1941 - 1944 _jПлакаты _2nlr_sh1 _2nlr_sh2 _3RU\NLR\AUTH\661253360 |
|
| 608 |
_aПлакаты общественно-политические _2nlr-sh2 |
||
| 610 | 0 | _aПлакаты | |
| 702 | 1 |
_aБоим _bС.С. _cхудожник _f1899-1978 _gСоломон Соломонович _4040 |
|
| 702 | 1 |
_aБолотин _bС.Б. _cПоэт, переводчик, драматург, сценарист _f1901-1970 _gСамуил Борисович _4070 |
|
| 712 | 0 | 2 |
_aБалтийский флот _bПолитическое управление _3RU\NLR\AUTH\8810005574 _4570 |
| 801 | 2 |
_aRU _bNLR _c20140815 _2rusmarc |
|
| 852 |
_aNLR _bЛ3-310 п _jЛ3-310 п 29/1-1/14 |
||
| 856 | 0 | _uhttp://vivaldi.nlr.ru/la000070073/view | |
| 856 | 1 | _uhttp://vivaldi.nlr.ru/la000070073/cover | |
| 856 | 2 | _uhttp://vivaldi.nlr.ru/la000070073/text | |
| 942 | _cVISUAL | ||
| 945 | _aРоссийская национальная библиотека | ||
| 980 | _aNB | ||
| 980 | _aBV | ||
| 981 | 3 | 7 | _a(37) Ленинград в Великой Отечественной войне |
| 981 | 1 | 7 |
_a(17) Изографические материалы _b(17) Плакаты |